• 首页
  • 本馆介绍
  • 公告通知
  • 最新文献
  • 馆藏检索
  • 电子资源
  • 读者导购
  • 参考咨询
  • 我的图书馆
  • 登录
  • 详细信息显示
  • 放入我的书架
  • 预约/预借图书
  • 作者相关作品
  • 分类相关作品
  • 丛书相关作品
  • 出版社相关作品

书目信息

  • 表格格式
  • 工作单格式
  • 卡片格式
题名:
好莱坞电影的中国想象
    
 
作者: 吴卫华 著
分册:  
出版信息: 北京   中国社会科学出版社  2017.10
页数: 503页
开本: 24cm
丛书名:
单 册:
中图分类: J905.712
科图分类:
主题词: 国家--形象--研究--中国
电子资源:
ISBN: 978-7-5203-1654-5
000 00880nam0 2200241 450
001 3849
005 20181008161913.10
010    @a978-7-5203-1654-5@dCNY128.00
100    @a20180913d2017 em y0chiy50 ea
101 0  @achi
102    @aCN@b110000
105    @ay z 000yy
200 1  @a好莱坞电影的中国想象@9hao lai wu dian ying de zhong guo xiang xiang@dChinese imagination in Hollywood movies@f吴卫华著@zeng
210    @a北京@c中国社会科学出版社@d2017.10
215    @a503页@d24cm
330    @a本书试图对好莱坞电影的中国形象问题的历史与现状进行一次描述和阐释,以进一步厘清电影中的中国形象的内涵与实质所在。
510 1  @aChinese imagination in Hollywood movies@zeng
606 0  @a国家@x形象@x研究@y中国
607    @a好莱坞@x电影评论
690    @aJ905.712@v5
701  0 @a吴卫华@9wu wei hua@f(1965-)@4著
801  0 @aCN@b91MARC@c20180913
905    @aMuseLib@dJ905.712@e358
    
    好莱坞电影的中国想象=Chinese imagination in Hollywood movies/吴卫华著.-北京:中国社会科学出版社,2017.10
    503页;24cm
    
    
    ISBN 978-7-5203-1654-5:CNY128.00
    本书试图对好莱坞电影的中国形象问题的历史与现状进行一次描述和阐释,以进一步厘清电影中的中国形象的内涵与实质所在。
●
相关链接 在E读中查询图书 在五车中查询图书 在当当中查询图书 在豆瓣中查询图书


正题名:好莱坞电影的中国想象     索取号:J905.712/358         预约/预借

序号 登录号 条形码 馆藏地/架位号 状态 备注
1 1123937   211239373   第一样本阅览室/ [索取号:J905.712/358] 在馆    
2 1123938   211239382   第一借阅区/ [索取号:J905.712/358] 在馆    
3 1123939   211239391   第一借阅区/ [索取号:J905.712/358] 在馆    
唐山师范学院图书馆 欢迎您!
大连网信软件有限公司© 版权所有